Liverpool Player of the Season Awards 【Fans' Player】 - Statistics

General Stats
  • This quiz has been taken 37 times
  • The average score is 18 of 23
Answer Stats
Season Fans' Player Nationality GA (League) % Correct
2017–18 Mohamed Salah Egypt 32G10A
100%
2020–21 Mohamed Salah Egypt 22G5A
100%
2021–22 Mohamed Salah Egypt 23G13A
100%
2023–24 Mohamed Salah Egypt 18G10A
100%
2012–13 Luis Suárez Uruguay 23G6A
96%
2013–14 Luis Suárez Uruguay 31G13A
96%
2016–17 Sadio Mané Senegal 13G5A
96%
2022–23 Alisson Brazil 0G0A
93%
2018–19 Virgil van Dijk Netherlands 4G2A
93%
2003–04 Steven Gerrard England 4G9A
89%
2004–05 Steven Gerrard England 7G4A
89%
2005–06 Steven Gerrard England 10G4A
89%
2006–07 Steven Gerrard England 7G4A
89%
2008–09 Steven Gerrard England 16G11A
89%
2007–08 Fernando Torres Spain 24G4A
81%
2019–20 Jordan Henderson England 4G5A
78%
2014–15 Philippe Coutinho Brazil 5G5A
78%
2015–16 Philippe Coutinho Brazil 8G5A
78%
2011–12 Martin Škrtel Slovakia 2G1A
56%
2009–10 Pepe Reina Spain 0G0A
52%
2001–02 Sami Hyypiä Finland 3G1A
52%
2010–11 Lucas Leiva Brazil 0G1A
41%
2002–03 Danny Murphy England 7G6A
11%
No matching quizzes found
Score Distribution
Percent of People with Each Score
Percentile by Number Answered
Your Score History
You have not taken this quiz